Music Quiz

Random Music or Taylor Swift Quiz
Score 0/66 Timer 13:00
0 Plays Today
Album Song Title % Correct
FearlessFearless
89.7%
Speak NowMine
89.7%
Speak NowSpeak Now
89.7%
Taylor SwiftTim McGraw
87.4%
FearlessLove Story
87.4%
Taylor SwiftTeardrops On My Guitar
85.6%
FearlessYou Belong With Me
85.1%
Speak NowBack To December
85.1%
Speak NowDear John
83.9%
Speak NowMean
83.9%
Taylor SwiftPicture To Burn
82.8%
Taylor SwiftOur Song
81.6%
Speak NowHaunted
81.6%
Speak Now Target EditionOurs
79.9%
Speak NowSparks Fly
79.3%
Speak NowEnchanted
79.3%
Hannah Montana:The MovieCrazier
78.2%
FearlessWhite Horse
77.6%
FearlessFifteen
77%
Speak NowLong Live
76.4%
Speak NowBetter Than Revenge
75.3%
FearlessForever & Always
74.1%
Speak NowLast Kiss
74.1%
Valentines Day: Original Motion Picture SoundtrackToday Was A Fairytale
74.1%
Taylor SwiftMary's Song
73.6%
Speak NowInnocent
73.6%
FearlessChange
72.4%
FearlessHey Stephen
71.8%
FearlessBreathe
71.8%
Speak NowThe Story of Us
70.7%
Speak NowNever Grow Up
70.1%
Taylor SwiftCold As You
69.5%
Taylor SwiftShould've Said No
69.5%
Album Song Title % Correct
Fearless PlatinumJump Then Fall
67.8%
Taylor SwiftI'm Only Me When I'm With You
67.2%
FearlessYou're Not Sorry
67.2%
FearlessThe Best Day
66.1%
Taylor SwiftStay Beautiful
64.4%
Love Drunk with Boys Like GirlsTwo Is Better Than One
63.2%
Beautiful EyesBeautiful Eyes
62.6%
Fearless PlatinumThe Other Side of The Door
62.1%
FearlessTell Me Why
60.9%
FearlessThe Way I Loved You
60.9%
Fearless PlatinumCome In With The Rain
60.3%
Taylor SwiftTied Together With a Smile
59.8%
Taylor SwiftInvisible
59.8%
Speak Now Target EditionSuperman
59.8%
Taylor SwiftThe Outside
58.6%
Fearless PlatinumUntouchable
58.6%
Taylor SwiftA Place in This World
57.5%
Fearless PlatinumSuperstar
57.5%
Sounds of the SeasonLast Christmas
54%
CMT Awards with T-PainThug Story
54%
Speak Now Target EditionIf This Was A Movie
51.1%
Battle Studies with John MayerHalf of My Heart
51.1%
Sounds of the SeasonSanta Baby
50%
Beautiful EyesI Heart ?
49.4%
Taylor SwiftA Perfectly Good Heart
47.7%
Sounds of the SeasonSilent Night
44.8%
Sounds of the SeasonWhite Christmas
44.3%
Fearless PlatinumForever & Always Piano Version
43.1%
Hope for Haiti NowBreathless
40.2%
Saturday Night LiveMonologue Song
39.1%
Sounds of the SeasonChristmases When You Were Mine
37.9%
Live From SoHoUmbrella
33.9%
Sounds of the SeasonChristmas Must Be Something More
32.8%
Remove Ads.
Support Sporcle.
Get the best of Sporcle when you Go Orange. This ad-free experience offers more features, more stats, and more fun while also helping to support Sporcle. Thank you for becoming a member.

You're not logged in!

Compare scores with friends on all Sporcle quizzes.
OR
Log In

Show Comments

Extras

Top Quizzes Today


Score Distribution

Your Account Isn't Verified!

In order to create a playlist on Sporcle, you need to verify the email address you used during registration. Go to your Sporcle Settings to finish the process.

Report this User

Report this user for behavior that violates our Community Guidelines.

Details: